| 000 | 00537nam a2200193Ia 4500 | ||
|---|---|---|---|
| 999 |
_c8706 _d8706 |
||
| 003 | OSt | ||
| 005 | 20201009123652.0 | ||
| 008 | 190216s9999||||xx |||||||||||||| ||und|| | ||
| 020 | _a8170297214 | ||
| 040 | _coclc | ||
| 082 |
_a004.67 _bHOF/I |
||
| 100 |
_aHoffman, Paul E _95544 |
||
| 245 | 0 |
_aThe Internet Instant Reference / _cPaul E Hoffman |
|
| 250 | _a3rd Ed. | ||
| 260 |
_bBpb Publications, _c1996. _aNew Delhi: |
||
| 300 | _a323p | ||
| 650 | _aComputer | ||
| 942 |
_cBK _2ddc _h004.67 _iHOF/I _k004.67 _mHOF/I |
||